00773nam a22002297a 450000500170000001000130001702000220003003500130005203700160006504000120008108200110009310000270010424500540013126000360018527000430022130000210026465000560028565000330034194200200037499900190039495201300041320170124110123.0 aA-688479 c00.00a0863113451 aA-688479 bCen Lib/Ret aDPLbEN aSbKAN aKannan, Lakshmi931040 aIndia Gate and other stories /cby Lakshmi Kannan aNew DelhibOrient Longmanc1993 bNew Delhia1/24, Asaf Ali Roade110002 a159p. c22cm(Hb) aKannan, Lakshmi -- Translations into English931041 aShort stories, Tamil9107344 2ddccENhSmKAN c131169d131169 00104070aLbLd2015-07-13eCen Lib/Retg0.00l1oS KANpA-688479r2017-06-14 00:00:00s2017-06-13t1v0.00w2016-09-15yEN